000 00501nam a2200193Ia 4500
005 20260429112143.0
008 260429s9999||||xx |||||||||||||| ||und||
020 _a9781032384542
041 _aEnglish
082 _a781.49
_bMAZ
100 _aMaz, Andrew
245 0 _aMusic technology essentials :
_ba home studio guide /
_cAndrew Maz
250 _a1st ed.
260 _aLondon :
_bRoutledge,
_c2024.
300 _avii, 222 p.; pbk
650 _a Technology
650 _aMusic
942 _cTB
999 _c52626
_d52626